Zindagī-i purmājarā-yi Nādir Shāh Afshār, (Record no. 50143)

MARC details
000 -LEADER
fixed length control field 00751cam a22002291 4500
001 - CONTROL NUMBER
control field ne 68000742
003 - CONTROL NUMBER IDENTIFIER
control field DLC
005 - DATE AND TIME OF LATEST TRANSACTION
control field 20260227111838.0
008 - FIXED-LENGTH DATA ELEMENTS--GENERAL INFORMATION
fixed length control field 870413s1966 ir 000 0 pero
010 ## - LIBRARY OF CONGRESS CONTROL NUMBER
LC control number ne 68000742
035 ## - SYSTEM CONTROL NUMBER
System control number (OCoLC)15524621
040 ## - CATALOGING SOURCE
Original cataloging agency DLC
Transcribing agency CU
Modifying agency DLC
042 ## - AUTHENTICATION CODE
Authentication code premarc
050 00 - LIBRARY OF CONGRESS CALL NUMBER
Classification number DS294
Item number .M38
100 2# - MAIN ENTRY--PERSONAL NAME
Personal name Maymandī Nizhād, Muḥammad Ḥusayn.
245 10 - TITLE STATEMENT
Title Zindagī-i purmājarā-yi Nādir Shāh Afshār,
Statement of responsibility, etc. bi-qalam Muḥammad Ḥusayn MaymandīʹNizhād.
260 ## - PUBLICATION, DISTRIBUTION, ETC.
Place of publication, distribution, etc. [Tihrān]
Name of publisher, distributor, etc. Chāpkhānah-'i Tābān
Date of publication, distribution, etc. 1345 [1966 or 7]
300 ## - PHYSICAL DESCRIPTION
Extent 1024 p.
Dimensions 30 cm.
500 ## - GENERAL NOTE
General note "Az intishārāt-i Majallah-'i Sapīd va Siyāh"
600 00 - SUBJECT ADDED ENTRY--PERSONAL NAME
Personal name Nādir Shāh,
Titles and other words associated with a name Shah of Iran,
Dates associated with a name 1688-1747.
740 0# - ADDED ENTRY--UNCONTROLLED RELATED/ANALYTICAL TITLE
Uncontrolled related/analytical title Nādir Shāh Afshār.

No items available.

Powered by Koha